000 00302nam a22001337a 4500
008 180207b xxu||||| |||| 00| 0 eng d
020 _a 97801343 60 16 4
041 _aeng
080 _a82
100 _a22
101 _aGJU
245 _aPRENTICE HALL LITERATURE
_cCOPPER.L
942 _2udc
_cBK
999 _c42043
_d42043